|
|
|
|
| LEADER |
01847nam a2200505 a 4500 |
| 001 |
nkc20091994049 |
| 003 |
CZ PrNK |
| 005 |
20091102142604.0 |
| 007 |
ta |
| 008 |
090917s2009 xr a g p 000 0 cze |
| 015 |
|
|
|a cnb001994049
|
| 020 |
|
|
|a 978-80-7373-054-3
|q (brož.)
|
| 035 |
|
|
|a (OCoLC)455852475
|
| 040 |
|
|
|a ABA001
|b cze
|d OLA001
|
| 072 |
|
7 |
|a 658
|x Řízení a správa podniku
|2 Konspekt
|9 4
|
| 072 |
|
7 |
|a 37.016
|x Učební osnovy. Vyučovací předměty. Učebnice
|2 Konspekt
|9 22
|
| 080 |
|
|
|a 658.114
|2 MRF
|
| 080 |
|
|
|a 658
|2 MRF
|
| 080 |
|
|
|a 640.4
|2 MRF
|
| 080 |
|
|
|a 641/642
|2 MRF
|
| 080 |
|
|
|a (075.3)
|2 MRF
|
| 100 |
1 |
|
|a Smetana, František,
|d 1937-2018
|7 jx20050810008
|4 aut
|
| 245 |
1 |
0 |
|a Podnikání v hotelnictví a gastronomii :
|b pro střední a vyšší hotelové školy /
|c František Smetana, Eva Krátká
|
| 250 |
|
|
|a 1. vyd.
|
| 260 |
|
|
|a Praha :
|b Fortuna,
|c 2009
|
| 300 |
|
|
|a 160 s. :
|b il. ;
|c 21 cm +
|e 1 CD
|
| 500 |
|
|
|a Terminologický slovník
|
| 504 |
|
|
|a Obsahuje bibliografii
|
| 650 |
0 |
7 |
|a podnikání
|7 ph115766
|2 czenas
|
| 650 |
0 |
7 |
|a podnikový management
|7 ph115763
|2 czenas
|
| 650 |
0 |
7 |
|a hotelnictví
|7 ph120832
|2 czenas
|
| 650 |
0 |
7 |
|a gastronomie
|7 ph120473
|2 czenas
|
| 650 |
0 |
9 |
|a business
|2 eczenas
|
| 650 |
0 |
9 |
|a industrial management
|2 eczenas
|
| 650 |
0 |
9 |
|a hotels
|2 eczenas
|
| 650 |
0 |
9 |
|a gastronomy
|2 eczenas
|
| 655 |
|
7 |
|a učebnice středních škol
|7 fd133771
|2 czenas
|
| 655 |
|
9 |
|a textbooks (secondary)
|2 eczenas
|
| 700 |
1 |
|
|a Krátká, Eva
|7 mzk2009534990
|4 aut
|
| 856 |
4 |
1 |
|u http://www.digitalniknihovna.cz/mzk/uuid/uuid:77bc7280-01d8-11e4-9789-005056827e52
|y Digitalizovaný dokument
|x NDK
|
| 910 |
2 |
|
|a BOA001
|b 2-1229.449
|
| 990 |
|
|
|a BK
|
| 995 |
|
|
|a 01
|
| 991 |
|
|
|b 200910
|c NOV
|
| 996 |
6 |
|
|b 2610391618
|c 2-1229.449
|l MZK
|r Sklad / do 1 hodiny
|n 41
|p p.v.
|w 000965415
|u 000010
|a 1
|e BOA001
|j MZK50
|s P
|